00472 2200205 4500001002100000008004100021035002000062245003500082100001700117250000600134260003200140300001100172084001400183082000800197650001300205990001200218990001200230990001200242990001200254INLIS000000000000646 ind  a0010-0424000622 aRekayasa GenetikacAnne Rooney aRooney, Anne a1 aBandung :bPakar Rayac2007 a48 hlm a500 ANN r a500 aNonfiksi a0721638 a0721639 a0721640 a0721641